| 000 | 00771nam a2200217 a 4500 | ||
|---|---|---|---|
| 005 | 20210223122902.0 | ||
| 008 | 991125s1984 mx 000 0 spa u | ||
| 020 | _a9688371831 | ||
| 035 | _aUPN01000043424 | ||
| 049 | _aCG | ||
| 050 | 4 |
_aML3570 M4.6 _b1984 |
|
| 100 | 1 |
_aMendoza, Vicente T., _d1894-1964 _929246 |
|
| 245 | 1 | 0 |
_aPanorama de la música tradicional de México / _cVicente T. Mendoza |
| 260 |
_aMéxico : _bUNAM, Dirección General de Publicaciones, _c1984 |
||
| 300 |
_a257, [8], 52 p. : _bil. |
||
| 440 | 0 |
_aEstudios y fuentes del arte en México; _v7 |
|
| 500 | _aIncluye ejemplos musicales y textos literarios complementarios de los musicales | ||
| 650 | 4 |
_aMUSICA FOLKLORICA- _zMEXICO - _xHISTORIA Y CRITICA |
|
| 904 |
_aAC _b043426 |
||
| 905 | _aLibro | ||
| 999 |
_c43424 _d43424 |
||